LEADER 00983nam a2200241 i 4500 001 000000041710 003 CaOOAMICUS 005 20070619000000.0 008 070619s1994 it u000 u ita u 013 $a12880 040 $aSeMil$bita 100 1 $aPalmieri, Franco.$0(OLS)http://semarc/name/20559 245 12$aI Satiri al «Caffè» :$bcronache di una rivista satirica in un'epoca tragica /$cFranco Palmieri. 260 $aMilano :$bAres,$c1994. 300 $a165 p. ;$c22 cm. 490 0 $aProfili ;$v5 650 4$aRiviste letterarie.$0(OLS)http://semarc/subject/1770 830 0$aProfili ;$v5.$0(OLS)http://semarc/title/10268 850 $aSeMil 852 $aSeMil$W1$xVenegono$y1$m1D VI 94$j7865$B7865$CSeMilBibl$Z2$F7865 $81 961 $aOmaggio: Rimoldi mons. Antonio 996 $6245$aI Satiri al «Caffè» :$bcronache di una rivista satirica in un'epoca tragica$9(OLS)http://semarc/title/60516 996 $6260$aMilano :$bAres$9(OLS)http://semarc/publisher/30250 LEADER 01082nam a2200289 i 4500 001 000000109117 003 CaOOAMICUS 005 20021024000000.0 008 021024s2001 it u000 u ita u 013 $a81797 020 $a88-04-48718-6 040 $aSeMil$bita 100 1 $aBaget Bozzo, Gianni,$c.$0(OLS)http://semarc/name/11146 245 12$aL'Anticristo /$cGianni Baget Bozzo. 260 $aMilano :$bMondadori,$c2001. 300 $a137 p. ;$c23 cm. 490 0 $aUomini e religioni. Interventi 500 $aFondo Card. C.M. Martini. 650 4$aSatana.$0(OLS)http://semarc/subject/10333 830 0$aUomini e religioni. Interventi.$0(OLS)http://semarc/title/9676 850 $aSeMil 852 $aSeMil$W1$xVenegono$y1$m2D V 123$j65132$B65132$CSeMilBibl$Z2$F73502 $81 941 1 $a4 961 $aOmaggio: Martini Card. Carlo Maria 996 $6020$a88-04-48718-6$9(OLS)http://semarc/number/90312 996 $6245$aL'Anticristo$9(OLS)http://semarc/title/19512 996 $6260$aMilano :$bMondadori$9(OLS)http://semarc/publisher/30335